000 006910000a22001930004500
005 20170721113209.0
008 170721b xxu||||| |||| 00| 0 spa d
040 _aCO-BoIAVH
_cCO-BoIAVH
041 0 _aspa
090 _aSeriadas
100 1 _aDíaz Sarmiento, J.
_982553
245 1 0 _aPerspectivas de uso de la acuicultura artesanal para el aprovechamiento sostenible del recurso pesquero en la laguna costera de Navío Quebrado (Santuario de flora y fauna Los Flamencos-Caribe Colombiano)
260 _c2006
_a:
_b,
300 _a.
700 1 _aZarza, E.
_982554
700 1 _aTrujillo, A.
_982555
773 1 _tAmbiente y desarrollo
_h17/18
_q93-112
_d2005/2006
942 _cARTICULO
_2ddc
999 _c16317
_d16317